Minorities and the state : (Record no. 56557)
[ view plain ]
| 000 -LEADER | |
|---|---|
| fixed length control field | 02337nam a22003257a 4500 |
| 005 - DATE AND TIME OF LATEST TRANSACTION | |
| control field | 20110913143221.0 |
| 008 - FIXED-LENGTH DATA ELEMENTS--GENERAL INFORMATION | |
| fixed length control field | 110913t xxu||||| |||| 00| 0 eng d |
| 010 ## - LCCN (DPL NO) | |
| LC control number | ENG-103670 |
| 020 ## - INTERNATIONAL STANDARD BOOK NUMBER | |
| International Standard Book Number | 9788132105893 |
| Terms of availability | 795.00 |
| 035 ## - SYSTEM CONTROL NUMBER | |
| System control number | EN-87203 |
| 037 ## - SOURCE OF ACQUISITION | |
| Source of stock number/acquisition | DBAD/PUB |
| 040 ## - CATALOGING SOURCE | |
| Original cataloging agency | DPL |
| Language of cataloging | Eng |
| 082 ## - DEWEY DECIMAL CLASSIFICATION NUMBER | |
| Classification number | 305.56095414 |
| 245 00 - TITLE STATEMENT | |
| Title | Minorities and the state : |
| Remainder of title | changing social and political landscape of Bengal / |
| Statement of responsibility, etc | edited by Abhijit Dasgupta, Masahiko Togawa [and] Abul Barkat |
| 260 ## - PUBLICATION, DISTRIBUTION, ETC. (IMPRINT) | |
| Place of publication, distribution, etc | New Delhi |
| Name of publisher, distributor, etc | SAGE Publications |
| Date of publication, distribution, etc | 2011 |
| 270 ## - ADDRESS | |
| Address | B1/ I-1 Mohan Cooperative Industrial Area, Mathura Road |
| City | New Delhi |
| Postal code | 110044 |
| 300 ## - PHYSICAL DESCRIPTION | |
| Extent | xxii, 214 p. : |
| Other physical details | ill. |
| Dimensions | 23cm (Hb) |
| 500 ## - GENERAL NOTE | |
| General note | Includes bibliographical references and index. |
| 505 0# - FORMATTED CONTENTS NOTE | |
| Formatted contents note | The minorities in post-partition West Bengal : the riots of 1950 / Sekhar Bandyopadhyay -- On the margins : Muslims in West Bengal / Abhijit Dasgupta -- "Wrestling with my shadow" : the state and the immigrant Muslims in contemporary West Bengal / Samir Kumar Das -- Partition refugees on borders : assimilation in West Bengal / Tetsuya Nakatani -- Political economy of deprivation of Hindu minority in Bangladesh : living with the vested property act / Abul Barkat -- Role of civil society in combating violence against religious minorities during the post-2001 general elections of Bangladesh / Rangalal Sen -- Hindu minority in Bangladesh : migration, marginalization, and minority politics in Bengal / Masahiko Togawa -- Status of Hindu women : spheres of human rights violation in Bangladesh / Sadeka Halim -- The crises of Hindu minority as depicted in the fictions of contemporary Bangladesh / Abu Dayen. |
| 650 #0 - SUBJECT ADDED ENTRY--TOPICAL TERM | |
| Topical term or geographic name as entry element | Group identity |
| Geographic subdivision | India |
| -- | Bengal. |
| 9 (RLIN) | 34710 |
| 650 #0 - SUBJECT ADDED ENTRY--TOPICAL TERM | |
| Topical term or geographic name as entry element | Minorities |
| General subdivision | Civil rights |
| Geographic subdivision | India |
| -- | Bengal. |
| 9 (RLIN) | 34711 |
| 650 #0 - SUBJECT ADDED ENTRY--TOPICAL TERM | |
| Topical term or geographic name as entry element | Migration, Internal |
| Geographic subdivision | India |
| -- | Bengal. |
| 9 (RLIN) | 34712 |
| 651 #0 - SUBJECT ADDED ENTRY--GEOGRAPHIC NAME | |
| Geographic name | Bengal (India) |
| General subdivision | Politics and government. |
| 9 (RLIN) | 34713 |
| 700 1# - ADDED ENTRY--PERSONAL NAME | |
| Personal name | Dasgupta, Abhijit. |
| 9 (RLIN) | 34714 |
| 700 1# - ADDED ENTRY--PERSONAL NAME | |
| Personal name | Togawa, Masahiko. |
| 9 (RLIN) | 34715 |
| 700 1# - ADDED ENTRY--PERSONAL NAME | |
| Personal name | Barkat, Abul. |
| 9 (RLIN) | 34716 |
| 942 ## - ADDED ENTRY ELEMENTS (KOHA) | |
| Source of classification or shelving scheme | Dewey Decimal Classification |
| Item type | English Books |
| Classification part | 305.56095414 |
| Call number suffix | MIN |
| Withdrawn status | Lost status | Source of classification or shelving scheme | Damaged status | Not for loan | Collection code | Home library | Current library | Date acquired | Source of acquisition | Cost, normal purchase price | Total Checkouts | Full call number | Barcode | Date last seen | Copy number | Cost, replacement price | Koha item type |
|---|---|---|---|---|---|---|---|---|---|---|---|---|---|---|---|---|---|
| Dewey Decimal Classification | Not For Loan | Non-fiction | D.B.Act.Division | D.B.Act.Division | 13/09/2011 | DBAD/PUB | 795.00 | 305.56095414 MIN | EN-87203 | 13/09/2011 | 1 | 795.00 | English Books |
